000 00442nam a2200181Ia 4500
001 15053
005 20260306164959.0
008 260306t2016||||xx |||||||||||||| ||spa||
041 _aESP
082 _a526.9
_bR41
100 _aRengifo Barberi, José Ignacio
_eAUT
245 0 _aEjercicios básicos de topografía
260 _c2016
300 _a463 páginas :
_c24 cm.
650 _aGEN
654 _aCIC
942 _cLIB
_dJUS
_fJUS
_2ddc
_n
999 _c15053
_d15053